000 02100nmm a2200409 i 4500
001 195437
003 SpMaBN
005 20250823051222.0
007 vd*cvaizz
008 240612s2010 sp 030 g v spa
035 _a(OCoLC)989141728
035 _aa5968824
040 _aSpMaBN
_bspa
_cSpMaBN
_erdc
_dES-MaACL
245 0 0 _aBeneyto desdoblándose
_h[Recurso Electrónico] /
_cdirección Adriana Hoyos ; guión Adriana Hoyos
250 _aEdición no venal
260 _a[Majadahonda (Madrid) :
_bLa huella del gato,
_c2010.
300 _a1 DVD-vídeo (30 min) :
_bson., col. ;
_c12 cm
336 _aImagen (en movimiento ; bidimensional)
_2isbdcontent
337 _avídeo
_2isbdmedia
338 _2rdacarrier
_avolumen
500 _aDistribuido junto a la revista Barcarola
518 _aCortometraje realizado en España en 2010
520 _aBeneyto pintor, escritor y editor es uno de los últimos exponentes del postismo. Esta obra difumina los límites entre realidad y ficción para adentrarnos en el universo surrealista beneytiano. Algunos de sus amigos como Pere Gimferrer, José Corredor Matheos, Jaime D. Parra o Glòria Bosch nos revelan algo de su enigmática personalidad. Mantuvo una afectuosa correspondencia con Alejandra Pizarnik, que recorre la película a través de sus fotos, de sus cartas, siendo una presencia ausente.
586 _aPresentado y seleccionado en los festivales de: Ankara International Film Festival. 2012, FICA Festival Internacional de Creación Audiovisual 2011, 13ª Muestra Internacional Documental de Bogotá 2011
597 _aFormato de pantalla 16:4
600 0 4 _aBeneyto, Antonio,
_d1934-
_2embne
_927556
650 7 _aArte español
_2embne
_910189
650 7 _aSurrealismo (Arte)
_2embne
_917267
655 0 _aDocumentales
_9236959
655 7 _aCortometrajes
_2tgfbne
_9236960
700 1 _aHoyos, Adriana,
_d1966-
_9236961
852 _aES-MaACL
_cROT
_jROT 6/3/12
_9203460
942 _2udc
_cDVD
_n0
999 _c195437
_d195437